Private retirement housing (Record no. 105614)
[ view plain ]
| 000 -LEADER | |
|---|---|
| fixed length control field | 01807cam a2200265 4500 |
| 001 - CONTROL NUMBER | |
| control field | ##L134247 |
| 008 - FIXED-LENGTH DATA ELEMENTS--GENERAL INFORMATION | |
| fixed length control field | 060719n2005 000 0 eng u |
| 020 ## - INTERNATIONAL STANDARD BOOK NUMBER | |
| International Standard Book Number | 0952669129 |
| 035 ## - SYSTEM CONTROL NUMBER | |
| System control number | (Sirsi) u134247 |
| 041 0# - LANGUAGE CODE | |
| Language code of text/sound track or separate title | eng |
| 050 04 - LIBRARY OF CONGRESS CALL NUMBER | |
| Classification number | 346.4104346 |
| 110 2# - MAIN ENTRY--CORPORATE NAME | |
| Corporate name or jurisdiction name as entry element | Association of Retirement Housing Managers |
| 9 (RLIN) | 3599 |
| 245 00 - TITLE STATEMENT | |
| Title | Private retirement housing |
| Remainder of title | code of practice |
| 260 ## - PUBLICATION, DISTRIBUTION, ETC. | |
| Place of publication, distribution, etc. | London |
| Name of publisher, distributor, etc. | ARHM |
| Date of publication, distribution, etc. | 2005 |
| 300 ## - PHYSICAL DESCRIPTION | |
| Extent | 76p. |
| Dimensions | 30cm. |
| 350 ## - PRICE (NR) (BK AM CF MU VM SE) [OBSOLETE] | |
| Price | 5 00 |
| 505 2# - FORMATTED CONTENTS NOTE | |
| Formatted contents note | Service charges - budgeting and collection -- Accounting for service charges -- Management services and fees -- Repairs and maintenance -- Provision of services -- Variation of special services -- Contractors -- Insurance -- Scheme managers and other staff -- Supporting people and care services -- Consultation and provision of information -- Residents' associations and recognised tenant's associations -- Complaints procedure -- Resales -- New schemes -- Discrimination and equal opportunities -- Transfers of the management of schemes. |
| 520 ## - SUMMARY, ETC. | |
| Summary, etc. | Code of practice designed to promote best practice in the management of those leasehold residential properties which are specifically designed and designated for retired older people, and which are managed by private companies or registered social landlords. The code will also generally apply to the management of freehold bungalows and houses, but does not apply to rented sheltered housing. The code applies in England only, and came into force on 2 January 2006. |
| 650 24 - SUBJECT ADDED ENTRY--TOPICAL TERM | |
| Topical term or geographic name entry element | ASSOCIATION OF RETIREMENT HOUSING MANAGERS |
| 650 24 - SUBJECT ADDED ENTRY--TOPICAL TERM | |
| Topical term or geographic name entry element | LEASEHOLD REFORM, HOUSING AND URBAN DEVELOPMENT ACT 1993 S87 |
| 650 24 - SUBJECT ADDED ENTRY--TOPICAL TERM | |
| Topical term or geographic name entry element | COMMONHOLD AND LEASEHOLD REFORM ACT 2002 |
| 651 #4 - SUBJECT ADDED ENTRY--GEOGRAPHIC NAME | |
| Geographic name | England |
| Chronological subdivision | 886- |
| 690 ## - LOCAL SUBJECT ADDED ENTRY--TOPICAL TERM (OCLC, RLIN) | |
| Topical term or geographic name as entry element | PROPERTY-RESIDENTIAL PROPERTY-RESIDENTIAL PROPERTY MANAGEMENT |
| 942 ## - ADDED ENTRY ELEMENTS (KOHA) | |
| Suppress in OPAC | 0 |
| Withdrawn status | Lost status | Source of classification or shelving scheme | Damaged status | Not for loan | Home library | Current library | Shelving location | Date acquired | Total Checkouts | Full call number | Barcode | Date last seen | Copy number | Price effective from | Koha item type |
|---|---|---|---|---|---|---|---|---|---|---|---|---|---|---|---|
| Dewey Decimal Classification | London | London | Basement | 19/07/2006 | Basement | 30071850 | 06/08/2019 | 1 | 06/08/2019 | Book |